| 000 | 01064nam a2200277Ia 4500 | ||
|---|---|---|---|
| 003 | OSt | ||
| 005 | 20220923210929.0 | ||
| 006 | a|||||r|||| 00| 0 | ||
| 007 | ta | ||
| 008 | 220922b |||||||| |||| 00| 0 hin d | ||
| 020 | _a5050032180 (hbk) | ||
| 024 | _a152,921 | ||
| 037 | _cTextual | ||
| 040 |
_aARTS _cARTS _bhin |
||
| 041 |
_2hin _ahin |
||
| 082 | _aO142,3x, 152N0 | ||
| 100 |
_aबुल्गोकोव, मिखाई; प्लातोनोव, आन्द्रेई _9156322 |
||
| 245 | 0 | _aअनुपम और क्रूर संसार | |
| 246 | _aAnupam aur krūr sansāra | ||
| 260 |
_aमास्को _b रादुगा प्रकाशन _c1990 |
||
| 300 |
_a408 पृ. _ccm. |
||
| 490 | _aबीसवी शताब्दी की इतिहास; 6 | ||
| 650 |
_aहिन्दी साहित्य _9156264 |
||
| 942 |
_hO142,3x, 152N0 _cTEXL _2CC |
||
| 999 |
_c293014 _d293014 |
||